[Event "La Roda op 50th"]
[Site "La Roda"]
[Date "2024.03.30"]
[Round "6"]
[White "Sanchez Alvarez, Roberto Carlos"]
[Black "Rottenwohrer Suarez, Juan"]
[Result "1-0"]
[WhiteElo "2407"]
[BlackElo "2275"]
[PlyCount "101"]
[EventDate "2024.03.27"]
[EventType "swiss"]
[EventRounds "9"]
[EventCountry "ESP"]
[SourceTitle "CB14_2024"]
[SourceDate "2024.04.01"]
[SourceVersion "1"]
[SourceVersionDate "2024.04.01"]
[SourceQuality "1"]

1. c4 e5 2. Nc3 Nf6 3. Nf3 Nc6 4. e3 Bb4 5. Qc2 Bxc3 6. Qxc3 Qe7 7. d4 e4 8. Nd2 d5 9. a3 a5 10. h3 h5 11. b3 h4 12. Bb2 g5 13. Qc2 Be6 14. 0-0-0 g4 15. cxd5 Bxd5 16. hxg4 Nxg4 17. Bc4 Bxc4 18. Nxc4 Rh6 19. d5 Nd8 20. f3 b5 21. d6 cxd6 22. Nxd6+ Rxd6 23. Rxd6 Nxe3 24. Qxe4 Rc8+ 25. Kb1 Ne6 26. Rd2 Qg5 27. Qxh4 Qf5+ 28. Ka2 Rc2 29. Qh8+ Ke7 30. Rxc2 Nxc2 31. Rd1 a4 32. Bf6+ Qxf6 33. Rd7+ Kxd7 34. Qxf6 axb3+ 35. Kxb3 Ncd4+ 36. Kc3 Ne2+ 37. Kb4 N2f4 38. Qxf7+ Kd6 39. g3 Nd3+ 40. Kxb5 Ne5 41. Qf6 Nxf3 42. a4 Ne5 43. a5 Nd7 44. Qh6 Kd5 45. Qh5+ Kd6 46. Qd1+ Kc7 47. g4 Nf6 48. g5 Ne8 49. g6 Nd6+ 50. Kb4 Nc8 51. Qd5 1-0

[Event "Iberoamerican-ch 9th"]
[Site "Panama City"]
[Date "2023.11.29"]
[Round "6"]
[White "Sanchez Alvarez, Roberto Carlos"]
[Black "Almeida Quintana, Omar"]
[Result "1/2-1/2"]
[WhiteElo "2437"]
[BlackElo "2509"]
[PlyCount "82"]
[EventDate "2023.11.25"]
[EventType "swiss"]
[EventRounds "9"]
[EventCountry "PAN"]
[SourceTitle "CB49_2023"]
[SourceDate "2023.12.06"]
[SourceVersion "1"]
[SourceVersionDate "2023.12.06"]
[SourceQuality "1"]

1. d4 d6 2. Nf3 g6 3. c4 Bg7 4. Nc3 Bg4 5. g3 Nc6 6. Bg2 e5 7. d5 Nce7 8. e4 Nf6 9. h3 Bd7 10. 0-0 0-0 11. Be3 c5 12. dxc6 Bxc6 13. Qd3 Qb8 14. Rfd1 Rd8 15. b4 b6 16. Nd2 Qb7 17. a4 a5 18. Rdb1 axb4 19. Rxb4 Nd7 20. Qb1 Rdb8 21. Nd5 Bxd5 22. cxd5 Qc7 23. Nc4 Nc8 24. h4 Bf6 25. Bh3 Bd8 26. Ra2 Ra6 27. Rc2 Nc5 28. a5 Be7 29. Bxc8 Qxc8 30. axb6 Qg4 31. Nxe5 dxe5 32. Bxc5 Bxh4 33. Rc3 Bd8 34. Rbb3 h5 35. b7 Qd7 36. Be3 h4 37. gxh4 Qg4+ 38. Kf1 Qxh4 39. Ke2 Kg7 40. Rc8 Rxb7 41. Kd3 Raa7 1/2-1/2

[Event "Iberoamerican-ch 9th"]
[Site "Panama City"]
[Date "2023.11.27"]
[Round "4"]
[White "Sanchez Alvarez, Roberto Carlos"]
[Black "Morales, Carlos1"]
[Result "1-0"]
[WhiteElo "2437"]
[BlackElo "2102"]
[PlyCount "53"]
[EventDate "2023.11.25"]
[EventType "swiss"]
[EventRounds "9"]
[EventCountry "PAN"]
[SourceTitle "CB49_2023"]
[SourceDate "2023.12.06"]
[SourceVersion "1"]
[SourceVersionDate "2023.12.06"]
[SourceQuality "1"]

1. d4 Nf6 2. c4 e6 3. Nc3 d5 4. cxd5 Nxd5 5. Nf3 c5 6. e3 Nc6 7. Bd3 cxd4 8. exd4 Be7 9. 0-0 0-0 10. Re1 Nxc3 11. bxc3 b6 12. h4 Bf6 13. Ng5 g6 14. Qf3 Bd7 15. Qg3 Ne7 16. h5 Nf5 17. Bxf5 exf5 18. hxg6 fxg6 19. Qh4 h5 20. Qg3 Re8 21. Bf4 Rc8 22. Ne6 Rxe6 23. Qxg6+ Kf8 24. Bh6+ Ke7 25. Qxf5 Rxe1+ 26. Rxe1+ Kd6 27. Qe4 1-0

[Event "Iberoamerican-ch 9th"]
[Site "Panama City"]
[Date "2023.11.26"]
[Round "3"]
[White "Henriquez Villagra, Cristobal"]
[Black "Sanchez Alvarez, Roberto Carlos"]
[Result "1-0"]
[WhiteElo "2630"]
[BlackElo "2437"]
[PlyCount "75"]
[EventDate "2023.11.25"]
[EventType "swiss"]
[EventRounds "9"]
[EventCountry "PAN"]
[SourceTitle "CB49_2023"]
[SourceDate "2023.12.06"]
[SourceVersion "1"]
[SourceVersionDate "2023.12.06"]
[SourceQuality "1"]

1. e4 c5 2. Nf3 d6 3. d4 cxd4 4. Nxd4 Nf6 5. Nc3 a6 6. h3 e5 7. Nb3 Be7 8. g4 h6 9. Be3 Nbd7 10. a4 Nf8 11. Qd2 Be6 12. 0-0-0 Ng6 13. Kb1 Rc8 14. f3 Nd7 15. Nd5 Bg5 16. Bxg5 hxg5 17. Qb4 Bxd5 18. Rxd5 Qc7 19. Rh2 Nc5 20. Rhd2 Nxb3 21. Qxb3 Rd8 22. Qb4 Nf4 23. Rxd6 Rxd6 24. Rxd6 0-0 25. c3 Rd8 26. Rxd8+ Qxd8 27. Kc2 Qd7 28. b3 Kh7 29. a5 Kg6 30. Bc4 Ng2 31. Qb6+ f6 32. Bd5 Ne1+ 33. Kd2 Nxf3+ 34. Ke2 Ng1+ 35. Qxg1 Qb5+ 36. Kd2 Qxa5 37. b4 Qa3 38. Qc1 1-0

[Event "Iberoamerican-ch 9th"]
[Site "Panama City"]
[Date "2023.11.26"]
[Round "2"]
[White "Sanchez Alvarez, Roberto Carlos"]
[Black "Obregon Garcia, Roxangel"]
[Result "1-0"]
[WhiteElo "2437"]
[BlackElo "2138"]
[PlyCount "81"]
[EventDate "2023.11.25"]
[EventType "swiss"]
[EventRounds "9"]
[EventCountry "PAN"]
[SourceTitle "CB49_2023"]
[SourceDate "2023.12.06"]
[SourceVersion "1"]
[SourceVersionDate "2023.12.06"]
[SourceQuality "1"]

1. d4 d5 2. c4 c6 3. Nf3 Nf6 4. Qb3 dxc4 5. Qxc4 Bf5 6. g3 e6 7. Bg2 Be7 8. 0-0 0-0 9. e3 a5 10. Qe2 a4 11. a3 Qa5 12. Nc3 Qa6 13. Qxa6 Rxa6 14. Ne5 Bc2 15. e4 c5 16. d5 b5 17. Nxb5 Bxe4 18. Bxe4 Nxe4 19. Re1 exd5 20. Nc7 Rd6 21. Bf4 Ng5 22. Kf1 Nh3 23. Bc1 Bd8 24. Nb5 Rf6 25. f4 Ng5 26. Nc3 d4 27. Nxa4 Ba5 28. b4 cxb4 29. Bd2 Ne6 30. Rac1 Rd8 31. axb4 Bc7 32. Ng4 Rf5 33. Rxe6 Bxf4 34. gxf4 fxe6 35. Nc5 Re8 36. Ke2 h6 37. Kd3 Rd5 38. Ne5 g5 39. Ke4 Rdd8 40. fxg5 hxg5 41. Bxg5 1-0

[Event "FIDE World Cup"]
[Site "Baku"]
[Date "2023.08.01"]
[Round "1.4"]
[White "Safarli, Eltaj"]
[Black "Sanchez Alvarez, Roberto Carlos"]
[Result "1-0"]
[WhiteElo "2607"]
[BlackElo "2444"]
[PlyCount "79"]
[EventDate "2023.07.30"]
[EventType "k.o."]
[EventRounds "8"]
[EventCountry "AZE"]
[SourceTitle "EXT 2024"]
[Source "ChessBase"]
[SourceDate "2023.10.10"]
[SourceVersion "1"]
[SourceVersionDate "2023.10.10"]
[SourceQuality "1"]

1. e4 c5 2. Nf3 d6 3. d4 cxd4 4. Nxd4 Nf6 5. Bb5+ Nbd7 6. Bd3 g6 7. 0-0 Bg7 8. Nc3 0-0 9. Re1 a6 10. h3 e5 11. Nb3 Qc7 12. Bg5 h6 13. Be3 b5 14. a4 b4 15. Na2 Bb7 16. Nxb4 a5 17. Na2 Nxe4 18. Bxe4 Bxe4 19. Nc3 Bc6 20. Qd2 Kh7 21. Rad1 Rfd8 22. Qxd6 Qb7 23. f3 Nb6 24. Nxa5 Rxa5 25. Qxd8 Nc4 26. b3 Ra8 27. Qh4 Nxe3 28. Rxe3 f5 29. Kh1 Rc8 30. Red3 e4 31. fxe4 Re8 32. Qg3 fxe4 33. Rd6 g5 34. Qe3 Be5 35. Rxc6 Qxc6 36. Qxe4+ Qg6 37. Qxg6+ Kxg6 38. Re1 Kf5 39. Nd5 Rd8 40. Ne7+ 1-0

[Event "FIDE World Cup"]
[Site "Baku"]
[Date "2023.07.30"]
[Round "1.1"]
[White "Safarli, Eltaj"]
[Black "Sanchez Alvarez, Roberto Carlos"]
[Result "1-0"]
[WhiteElo "2607"]
[BlackElo "2444"]
[PlyCount "147"]
[EventDate "2023.07.30"]
[EventType "k.o."]
[EventRounds "8"]
[EventCountry "AZE"]
[SourceTitle "EXT 2024"]
[Source "ChessBase"]
[SourceDate "2023.10.10"]
[SourceVersion "1"]
[SourceVersionDate "2023.10.10"]
[SourceQuality "1"]

1. e4 c5 2. Nc3 d6 3. Bb5+ Bd7 4. Bxd7+ Qxd7 5. d4 cxd4 6. Qxd4 Nc6 7. Qd3 g6 8. Nf3 Bg7 9. 0-0 Nf6 10. Nd5 0-0 11. Bg5 Ne8 12. Rad1 e6 13. Ne3 h6 14. Bh4 f5 15. exf5 gxf5 16. Nc4 Qf7 17. Nxd6 Nxd6 18. Qxd6 e5 19. c3 Qxa2 20. Rfe1 Rae8 21. h3 Qf7 22. Qd5 e4 23. Qxf7+ Rxf7 24. Bg3 Ree7 25. Nd2 Be5 26. Nc4 Bxg3 27. fxg3 Ne5 28. Rd8+ Rf8 29. Rxf8+ Kxf8 30. Ne3 Rf7 31. Rf1 Nd3 32. b4 f4 33. gxf4 Nxf4 34. Ra1 b6 35. c4 Kg7 36. c5 bxc5 37. bxc5 Rc7 38. Kh2 Rxc5 39. Rxa7+ Kg6 40. Re7 Nh5 41. Rxe4 Nf6 42. Re6 h5 43. Kg3 Ra5 44. Nc4 Ra4 45. Rc6 Ra1 46. Kf2 Kg5 47. Rc5+ Kf4 48. Nd2 Ne4+ 49. Nxe4 Ra2+ 50. Kg1 Kxe4 51. Rxh5 Kf4 52. Kh2 Rb2 53. Ra5 Rc2 54. Ra4+ Kg5 55. h4+ Kh5 56. Kh3 Rc3+ 57. g3 Rb3 58. Ra5+ Kg6 59. h5+ Kh6 60. Kh4 Rb4+ 61. g4 Rc4 62. Ra6+ Kg7 63. h6+ Kh7 64. Kh5 Rc5+ 65. g5 Rb5 66. Re6 Ra5 67. Re7+ Kg8 68. Kg6 Ra6+ 69. Kf5 Ra8 70. g6 Kh8 71. Re5 Rf8+ 72. Kg5 Rg8 73. Rf5 Ra8 74. h7 1-0

[Event "Biel HTO 56th"]
[Site "Biel"]
[Date "2023.07.20"]
[Round "4"]
[White "Huston, Gus"]
[Black "Sanchez Alvarez, Roberto Carlos"]
[Result "1-0"]
[WhiteElo "2341"]
[BlackElo "2444"]
[PlyCount "109"]
[EventDate "2023.07.17"]
[EventType "swiss"]
[EventRounds "10"]
[EventCountry "SUI"]
[SourceTitle "CBM 215 Extra"]
[Source "ChessBase"]
[SourceDate "2023.09.30"]
[SourceVersion "1"]
[SourceVersionDate "2023.09.30"]
[SourceQuality "1"]

1. e4 c5 2. Nf3 e6 3. c3 Nf6 4. e5 Nd5 5. d4 cxd4 6. cxd4 d6 7. Bc4 Be7 8. 0-0 0-0 9. Qe2 Bd7 10. Nc3 Nxc3 11. bxc3 Bc6 12. exd6 Bxd6 13. Ne5 Qc7 14. Bd3 Bxe5 15. dxe5 Nd7 16. Ba3 Rfd8 17. Be7 Nxe5 18. Bxd8 Rxd8 19. Be4 Ba4 20. Bc2 Bxc2 21. Qxc2 Ng4 22. g3 Qe5 23. Rad1 Rc8 24. h3 Nf6 25. Qa4 h5 26. Qd4 Qf5 27. Kg2 Qd5+ 28. Qxd5 Nxd5 29. Rb1 b6 30. Rb3 Rxc3 31. Rxc3 Nxc3 32. a3 Nd5 33. Kf3 f5 34. Ke2 b5 35. Kd3 a5 36. Rc1 b4 37. Rc5 bxa3 38. Rxa5 Kf7 39. Rxa3 Kf6 40. Ra8 g6 41. Kd4 h4 42. gxh4 Nf4 43. Ra3 e5+ 44. Kc5 e4 45. Kd4 Kg7 46. h5 Nxh5 47. Ke5 Kh6 48. h4 Kg7 49. Ra7+ Kh6 50. Rb7 Ng7 51. Rb8 Nh5 52. Rh8+ Kg7 53. Rxh5 e3 54. fxe3 gxh5 55. Kxf5 1-0

[Event "Carlos Torre Memorial op 32nd"]
[Site "Merida"]
[Date "2022.12.16"]
[Round "1"]
[White "Sanchez Alvarez, Roberto Carlos"]
[Black "Huertas Soris, Ramon Antonio"]
[Result "1-0"]
[WhiteElo "2436"]
[BlackElo "2054"]
[PlyCount "44"]
[EventDate "2022.12.16"]
[EventType "swiss"]
[EventRounds "9"]
[EventCountry "MEX"]
[SourceTitle "CBM 212 Extra"]
[Source "ChessBase"]
[SourceDate "2023.03.31"]
[SourceVersion "1"]
[SourceVersionDate "2023.03.31"]
[SourceQuality "1"]

1. Nf3 d5 2. c4 e6 3. g3 c6 4. Bg2 dxc4 5. 0-0 Nf6 6. a4 c5 7. Na3 Nc6 8. Nxc4 Be7 9. d3 0-0 10. Bd2 Nd5 11. Qb3 Bf6 12. a5 Rb8 13. e4 Nc7 14. e5 Be7 15. Rfd1 Nd5 16. Be1 Bd7 17. d4 b5 18. axb6 axb6 19. Ne3 Na5 20. Qd3 Bc6 21. dxc5 Nb7 22. Nd4 Nc7 1-0

[Event "Sabaneta op-A 1st"]
[Site "Sabaneta"]
[Date "2022.11.25"]
[Round "1"]
[White "Sanchez Alvarez, Roberto Carlos"]
[Black "Ardila, Oscar Humberto"]
[Result "1-0"]
[WhiteElo "2436"]
[BlackElo "1997"]
[PlyCount "123"]
[EventDate "2022.11.25"]
[EventType "swiss"]
[EventRounds "10"]
[EventCountry "COL"]
[SourceTitle "CBM 211 Extra"]
[Source "ChessBase"]
[SourceDate "2023.01.31"]
[SourceVersion "1"]
[SourceVersionDate "2023.01.31"]
[SourceQuality "1"]

1. e4 e5 2. Nf3 Nf6 3. Nxe5 d6 4. Nf3 Nxe4 5. c4 Be7 6. d4 0-0 7. Bd3 Nf6 8. h3 Re8 9. 0-0 Nbd7 10. Nc3 Nf8 11. Re1 Ng6 12. Bg5 Be6 13. d5 Bd7 14. Bf1 h6 15. Be3 Bf8 16. Qc2 Ne5 17. Nd4 c5 18. dxc6 bxc6 19. Rad1 Qc7 20. Nf5 Be6 21. Bf4 Nfd7 22. Bg3 Rad8 23. Nd4 Bxc4 24. Bxc4 Nxc4 25. Ne4 Nce5 26. Nb5 Qa5 27. Nd4 c5 28. Nf5 d5 29. f4 dxe4 30. fxe5 g6 31. Qxe4 Nf6 32. Qf3 Nh5 33. Rxd8 Qxd8 34. Bf2 Qd7 35. Ng3 Ng7 36. Ne4 Be7 37. Nxc5 Bxc5 38. Bxc5 Ne6 39. Bd6 Qb5 40. Rf1 Qd7 41. b3 Rc8 42. Qe3 Kh7 43. Rc1 Rxc1+ 44. Qxc1 Qb7 45. Qe3 a6 46. Kh2 Qd7 47. Qb6 Qc8 48. Qf2 Qb7 49. Qf3 Qd7 50. a4 Ng5 51. Qd3 Qb7 52. b4 Ne6 53. Qc3 g5 54. b5 axb5 55. axb5 Kg7 56. Qc6 Nd8 57. Qxb7 Nxb7 58. Be7 Kg6 59. g4 f5 60. exf6 Kf7 61. Kg3 Ke6 62. Kf3 1-0

[Event "Medellin Raza Cup"]
[Site "Medellin"]
[Date "2022.10.20"]
[Round "4"]
[White "Sanchez Alvarez, Roberto Carlos"]
[Black "Mateus Urbano, Luis Alejandro"]
[Result "1-0"]
[WhiteElo "2436"]
[BlackElo "2282"]
[PlyCount "69"]
[EventDate "2022.10.19"]
[EventType "swiss"]
[EventRounds "10"]
[EventCountry "COL"]
[SourceTitle "EXT 2024"]
[Source "ChessBase"]
[SourceDate "2023.10.10"]
[SourceVersion "1"]
[SourceVersionDate "2023.10.10"]
[SourceQuality "1"]

1. d4 d5 2. c4 c6 3. Nf3 Nf6 4. g3 dxc4 5. Bg2 e6 6. 0-0 b5 7. a4 Bb7 8. Ne5 a6 9. b3 cxb3 10. Bb2 Nbd7 11. Nd2 Nxe5 12. dxe5 Nd5 13. Qxb3 Be7 14. Ne4 0-0 15. Rfd1 Qb6 16. a5 Qa7 17. Qf3 f5 18. exf6 Nxf6 19. Bd4 c5 20. Bxf6 Bxe4 21. Qxe4 Bxf6 22. Qxe6+ Kh8 23. Bxa8 Qxa8 24. Rac1 c4 25. Rd6 Bb2 26. Rc2 c3 27. Rxa6 Qd8 28. Qd6 Qe8 29. Rb6 Qf7 30. e3 Rg8 31. Rxb5 Qa2 32. Qd3 Rf8 33. Kg2 Qf7 34. a6 h6 35. e4 1-0

[Event "Olympiad-44"]
[Site "Chennai"]
[Date "2022.08.06"]
[Round "8.1"]
[White "Meier, Georg"]
[Black "Sanchez Alvarez, Roberto Carlos"]
[Result "1/2-1/2"]
[WhiteElo "2613"]
[BlackElo "2431"]
[PlyCount "88"]
[EventDate "2022.07.29"]
[EventType "team-swiss"]
[EventRounds "11"]
[EventCountry "IND"]
[SourceTitle "CBM 210"]
[Source "ChessBase"]
[SourceDate "2022.10.31"]
[SourceVersion "1"]
[SourceVersionDate "2022.10.31"]
[SourceQuality "1"]
[WhiteTeam "Uruguay"]
[BlackTeam "Panama"]
[WhiteTeamCountry "URU"]
[BlackTeamCountry "PAN"]

1. Nf3 Nf6 2. g3 c5 3. Bg2 Nc6 4. c4 d5 5. cxd5 Nxd5 6. Nc3 Nxc3 7. dxc3 Qxd1+ 8. Kxd1 Bd7 9. Be3 e5 10. Kc2 Bf5+ 11. Kc1 Be4 12. Rd1 Be7 13. Bh3 Rd8 14. Nd2 Bg6 15. Bg2 Nd4 16. Bxd4 cxd4 17. Nc4 Rc8 18. Nxe5 dxc3 19. e4 Bf6 20. Rd5 0-0 21. f4 Rfe8 22. Kc2 Bxe5 23. Rxe5 Rxe5 24. fxe5 cxb2+ 25. Kxb2 Kf8 26. Rd1 Ke8 27. Bf3 Rc5 28. Rd5 Rc4 29. Be2 Rc7 30. Bd3 h5 31. a4 Ke7 32. a5 b6 33. axb6 axb6 34. Rb5 Rc6 35. Kb3 Rc5 36. Rxb6 Rxe5 37. Kc3 h4 38. Kd4 f6 39. gxh4 Rh5 40. Rb7+ Kf8 41. Rb8+ Ke7 42. Rg8 Rh7 43. h5 Bf7 44. Ra8 Rxh5 1/2-1/2

[Event "San Pedro de Macoris zt 2.3"]
[Site "San Pedro de Macoris"]
[Date "2022.03.22"]
[Round "5"]
[White "Sanchez Alvarez, Roberto Carlos"]
[Black "Albornoz Cabrera, Carlos Daniel"]
[Result "1/2-1/2"]
[WhiteElo "2428"]
[BlackElo "2563"]
[PlyCount "69"]
[EventDate "2022.03.20"]
[EventType "swiss"]
[EventRounds "9"]
[EventCountry "DOM"]
[SourceTitle "EXT 2023"]
[Source "ChessBase"]
[SourceDate "2022.10.05"]
[SourceVersion "1"]
[SourceVersionDate "2022.10.05"]
[SourceQuality "1"]

1. d4 Nf6 2. c4 e6 3. Nf3 d5 4. Nc3 Bb4 5. Qa4+ Nc6 6. e3 0-0 7. Bd2 dxc4 8. Bxc4 Bd6 9. Nb5 Bd7 10. Nxd6 cxd6 11. Qa3 Ne4 12. Bd3 f5 13. 0-0 Qb6 14. Be1 a5 15. Qb3 Qxb3 16. axb3 Rfc8 17. Nd2 d5 18. Nxe4 fxe4 19. Bb5 b6 20. Bxc6 Bxc6 21. Bd2 Bb5 22. Rfc1 Bd3 23. Rxc8+ Rxc8 24. Rc1 Rxc1+ 25. Bxc1 Bc2 26. b4 axb4 27. Bd2 b3 28. f4 Kf7 29. Kf2 Ke8 30. Bb4 Kd7 31. Ke1 Bd3 32. Bf8 g6 33. g4 h5 34. g5 Kc6 35. Kd2 1/2-1/2

[Event "San Pedro de Macoris zt 2.3"]
[Site "San Pedro de Macoris"]
[Date "2022.03.22"]
[Round "4"]
[White "Sanchez Alvarez, Roberto Carlos"]
[Black "Mesa Cruz, Juan Carlos"]
[Result "1-0"]
[WhiteElo "2428"]
[BlackElo "1994"]
[PlyCount "77"]
[EventDate "2022.03.20"]
[EventType "swiss"]
[EventRounds "9"]
[EventCountry "DOM"]
[SourceTitle "EXT 2023"]
[Source "ChessBase"]
[SourceDate "2022.10.05"]
[SourceVersion "1"]
[SourceVersionDate "2022.10.05"]
[SourceQuality "1"]

1. d4 Nf6 2. c4 e6 3. Nc3 Bb4 4. Qc2 0-0 5. Nf3 d5 6. Bg5 c5 7. dxc5 d4 8. 0-0-0 e5 9. Nd5 Bxc5 10. Nxe5 Qd6 11. Bxf6 gxf6 12. Nf3 b5 13. Nxd4 bxc4 14. Nb5 Qe5 15. e4 Na6 16. f4 Qe6 17. Bxc4 Bb7 18. Ndc7 Qxe4 19. Qxe4 Bxe4 20. Rhe1 Nxc7 21. Nxc7 Rac8 22. Rxe4 Rxc7 23. b3 Ba3+ 24. Kc2 a5 25. Rd5 Rc5 26. Rd7 Rfc8 27. Kd3 R5c7 28. Bxf7+ Kf8 29. Rxc7 Rxc7 30. Be6 Rc6 31. Bd5 Rc1 32. Ra4 Bb4 33. a3 Rd1+ 34. Ke2 Rd2+ 35. Ke3 Bc3 36. Rc4 Rxd5 37. Rxc3 f5 38. b4 a4 39. Rc5 1-0

[Event "San Pedro de Macoris zt 2.3"]
[Site "San Pedro de Macoris"]
[Date "2022.03.20"]
[Round "2"]
[White "Sanchez Alvarez, Roberto Carlos"]
[Black "Argote Heredia, Valentina"]
[Result "1-0"]
[WhiteElo "2428"]
[BlackElo "2193"]
[PlyCount "37"]
[EventDate "2022.03.20"]
[EventType "swiss"]
[EventRounds "9"]
[EventCountry "DOM"]
[SourceTitle "EXT 2023"]
[Source "ChessBase"]
[SourceDate "2022.10.05"]
[SourceVersion "1"]
[SourceVersionDate "2022.10.05"]
[SourceQuality "1"]

1. d4 d5 2. c4 dxc4 3. Nf3 Nf6 4. e3 e6 5. Bxc4 a6 6. 0-0 b5 7. Bd3 Bb7 8. a4 b4 9. Nbd2 c5 10. e4 Nc6 11. e5 Nd5 12. Nc4 Nxd4 13. Nxd4 cxd4 14. a5 Be7 15. Qg4 g6 16. Bh6 Rc8 17. Rfd1 Rc5 18. Qxd4 Qb8 19. Nd6+ 1-0